| 000 | 00805nam a2200289 a 4500 | ||
|---|---|---|---|
| 003 | AR-BaBNM | ||
| 005 | 20251128205307.0 | ||
| 008 | 082120s2002 ||||||||||||||000 | spa|| | ||
| 020 | _a950-737-117-8 | ||
| 040 | _cAR-BaBNM | ||
| 100 | 1 | _aGiménez, Eduardo Abel | |
| 245 | 0 | 0 |
_aEl misterio del planeta mutante _bun paseo por Camarjali |
| 250 | _a1ª ed. | ||
| 260 |
_aBuenos Aires _bCoquena Grupo Editor _bLibros del Quirquincho _c1993 |
||
| 300 |
_a94 p. _bil. |
||
| 490 | 0 | _aDel rato largo | |
| 650 | 4 | _aCUENTO INFANTIL | |
| 650 | 4 | _aLITERATURA ARGENTINA | |
| 650 | 4 | _aLITERATURA INFANTIL | |
| 650 | 4 | _aCUENTOS DE AVENTURAS | |
| 650 | 4 | _aCIENCIA FICCION | |
| 653 | _aCUENTO FANTASTICO | ||
| 655 | _aLITERATURA | ||
| 700 | 1 |
_aRojas, Oscar _eilustrador |
|
| 942 | _cBK | ||
| 998 | _cMARTIN | ||
| 999 |
_c10781 _d10781 |
||